000 00859cam a2200145ua 4500
041 _aeng
_h
082 _a620.11
_bIND/ME
110 1 _aIndian Standards Institution .
_bISI
_c()
245 _aMethods of sampling and analysis IS:1199-1959
260 _aNew Delhi :
_bIndian Standards Institution ,
_c1959.
300 _a44 ; .
504 _a
942 _cBK
999 _c9986
_d9986